000 00340nam a22001457a 4500
008 230616b ||||| |||| 00| 0 eng d
020 _a9781597080019
041 _aeng
080 _219TH REVISED EDITION
_a618
082 _a618HAT
100 _a15
101 _aGYN
245 _aCONTRACEPTIVE TECHNOLOGY
_cHATCHER.A.R
942 _2udc
_cBK
999 _c59992
_d59992